| 000 | 00411nam a2200169Ia 4500 | ||
|---|---|---|---|
| 008 | 210210b1930 xxu||||| |||| 00| 0 eng d | ||
| 041 | _aeng | ||
| 082 | _a425/184 | ||
| 100 | _aMAWER (Allen) | ||
| 245 | _aElements in English place names | ||
| 260 |
_aCambridge _bAt the University Press. _c1930 |
||
| 650 | _asounds | ||
| 650 | _aLetters | ||
| 650 | _aand | ||
| 690 | _aEnglish Grammar | ||
| 906 | _a005960 | ||
| 999 |
_c128978 _d128978 |
||